[Event "XXVI Open A"]
[Site "Collado Villalba ESP"]
[Date "2009.08.23"]
[Round "3"]
[White "Alcaraz Amoros,A"]
[Black "Herrero Corada,J"]
[Result "1/2-1/2"]
[WhiteElo "2135"]
[BlackElo "1944"]

1.c4 c6 2.d4 d5 3.Nf3 Nf6 4.Nc3 e6 5.Bg5 Nbd7 6.e3 Qa5 7.Nd2 Bb4 8.Qc2 O-O
9.Bxf6 Nxf6 10.Bd3 c5 11.Nb3 Qa4 12.dxc5 dxc4 13.Bxc4 Qc6 14.O-O Bxc5 15.Bb5 Qc7
16.Be2 Bd6 17.g3 Nd5 18.Rac1 Nxc3 19.Qxc3 Qxc3 20.Rxc3 Be5 21.Nd4 Bxd4 22.exd4 Rd8
23.Rfc1 b6 24.Bf3 Rb8 25.Rc7 a5 26.d5 Bb7 27.Re7 Bxd5 28.Bxd5 Rxd5 29.Rcc7 Rf8
30.Rb7 b5 31.Kg2 b4 32.Ra7 Rd2 33.Rxa5 Rxb2 34.Rb7 g6 35.Ra4 Kg7 36.Rbxb4 Rxb4
37.Rxb4 Ra8 38.a4 Ra5 39.Kf3 f5 40.Ke3 e5 41.Kd3 Kf6 42.Kc3 e4 43.h4 g5 44.hxg5+ Kxg5
45.Kd4 Kg4 46.Ke3 h5 47.Rc4 Rd5 48.Rc3 Ra5 49.Ra3 Kh3 50.Kf4 Kg2 51.Ra2 Kh3
52.Kg5 Kg2 53.Kf4 Kh3 54.f3 e3 55.Kxe3 Kxg3 56.f4 h4 57.Ra1 h3 58.Rg1+ Kh2
59.Rg5 Rc5 60.Kf2 Ra5 61.Rh5 Rxa4 62.Rxf5 Ra2+ 63.Kf3 Rg2 64.Ra5 Rg3+ 65.Kf2 Rg2+
66.Kf3  1/2-1/2

[Event "BDO Challenger"]
[Site "Haarlem NED"]
[Date "2009.08.23"]
[Round "9"]
[White "Richter,Ch"]
[Black "Flumbort,A"]
[Result "1/2-1/2"]
[WhiteElo "2417"]
[BlackElo "2507"]

1.c4 c6 2.Nf3 d5 3.d4 Nf6 4.cxd5 cxd5 5.Nc3 Nc6 6.Bf4 a6 7.e3 Bg4 8.h3 Bxf3
9.Qxf3 e6 10.Bd3 Bd6 11.Bg5 Be7  1/2-1/2

[Event "RUS-CHN Match w Blitz"]
[Site "Sochi RUS"]
[Date "2009.08.23"]
[Round "8"]
[White "Ju Wenjun"]
[Black "Gunina,V"]
[Result "0-1"]
[WhiteElo "2443"]
[BlackElo "2437"]

1.c4 c6 2.e4 d5 3.exd5 cxd5 4.d4 Nf6 5.Nc3 g6 6.cxd5 Bg7 7.Bb5+ Nbd7 8.Nge2 O-O
9.O-O Nb6 10.Bf4 Nfxd5 11.Nxd5 Qxd5 12.Ba4 Bg4 13.Be3 Bxe2 14.Qxe2 Nxa4  0-1

[Event "XI Sants Open"]
[Site "Barcelona ESP"]
[Date "2009.08.25"]
[Round "5"]
[White "Cruz,Cr"]
[Black "Vitoux,C"]
[Result "1-0"]
[WhiteElo "2525"]
[BlackElo "2423"]

1.c4 c6 2.e4 e5 3.Nf3 d6 4.d4 Bg4 5.Be2 Nd7 6.O-O Ngf6 7.Nc3 Be7 8.Be3 O-O
9.d5 a6 10.h3 Bxf3 11.Bxf3 c5 12.Qd2 h6 13.g3 Ne8 14.h4 Nc7 15.Be2 Nf6 16.Kg2 Qd7
17.f3 b5 18.Rh1 bxc4 19.Bxc4 Nb5 20.Ne2 Rfb8 21.a4 Nd4 22.Nxd4 exd4 23.Bf2 Qb7
24.b3 Nd7 25.Rab1 Ne5 26.Be2 Qb4 27.Qc2 h5 28.Rhc1 Qa3 29.f4 Ng4 30.Bxg4 hxg4
31.e5 Ra7 32.h5 Rab7 33.e6 fxe6 34.Qg6 Rxb3 35.Qxe6+ Kh8 36.h6 Bf6 37.hxg7+ Kxg7
38.Qxg4+ Kf8 39.Qe6 Kg7 40.Qg4+ Kf8 41.Qg6  1-0

[Event "5th Geller Mem Open A"]
[Site "Odessa UKR"]
[Date "2009.08.26"]
[Round "7"]
[White "Lushenkov,M"]
[Black "Gorbunov,I RUS"]
[Result "1/2-1/2"]
[WhiteElo "2464"]
[BlackElo "2253"]

1.c4 c6 2.Nf3 d5 3.e3 Nf6 4.Nc3 g6 5.d4 Bg7 6.Be2 O-O 7.O-O Bg4 8.cxd5 Nxd5
9.Qb3 Nb6 10.Rd1 a5 11.Na4 Nxa4 12.Qxa4 Bf5 13.Qb3 Qc7 14.Bd2 Nd7 15.Rac1 Qb6
16.Qa3 Rfe8 17.Bc3 Nf6 18.Nd2 Nd5 19.Nc4 Qc7 20.Be1 Bf8 21.b3 e5 22.Qb2 exd4
23.Qxd4 Bg7 24.Qh4 a4 25.Bf3 axb3 26.axb3 Be6 27.Qg3 Qxg3 28.hxg3 Ra2 29.b4 Nc7
30.Nd6 Rb8 31.b5 Bb2 32.b6 Na8 33.Rb1 Nxb6 34.Nxb7 Nc4 35.Rd8+ Rxd8 36.Nxd8 Na3
37.Nxe6 Nxb1 38.Nd8 Nc3 39.Nxc6 Ra3 40.Kf1 Nb5 41.Ne7+ Kf8 42.Nd5 Bc3 43.Nxc3 Nxc3
44.Bc6 f5 45.f3 Ke7 46.Kf2 Kd6 47.Be8 Ke7 48.Bc6 Ra2+ 49.Kf1 Ra1 50.Kf2 Ra6
51.Bb7 Rb6 52.Ba8 Rb8 53.Bxc3 Rxa8 54.f4 Ke6 55.Kf3 h5 56.Bd4 Kd5 57.Bf6 Ra3
58.Bd4 Kc4 59.Kf2 Kd3 60.Bc5 Ra2+ 61.Kf1 Rc2 62.Bb6 Ke4 63.Ba7 Rc7 64.Bb6 Rb7
65.Bc5 Rh7 66.Kf2 h4 67.gxh4 Rxh4 68.Bd4 Rh1 69.Ba7 Rc1 70.Bb6 Rc2+ 71.Kg3 Rd2
72.Kh3 Rd1 73.Bd4 Rh1+ 74.Kg3 Kd3 75.Kf2 Rc1 76.Bb6 Rc2+ 77.Kf3 Rc1 78.Kf2 Ke4
79.Ba7 Kd3 80.Bb6 Rc2+ 81.Kf3 Rc1 82.Kf2 Kc4 83.Ba7 Kd5 84.Bb6 Rb1 85.Ba7 Ke6
86.Bd4 Kf7 87.Kf3 Kg8 88.g4 Kf7 89.gxf5 gxf5 90.Ba7 Rb3 91.Bd4 Ke6 92.Kg3 Kd5
93.Kh4 Rb1 94.Kg5 Ke6 95.Kh5 Rg1 96.Kh4 Kd5 97.Ba7 Ke4 98.Bb6 Rg6 99.Bc5 Rg4+
100.Kh5 Rg3 101.Bd4 Rg2 102.Kh4 Kf3 103.Bc5 Rh2+ 104.Kg5 Ke4 105.Bd4 Rh7
106.Kg6 Rb7 107.Kf6 Rc7 108.Kg6 Rc6+ 109.Kg5 Rc2 110.Kg6 Ra2 111.Kf6 Ra5
112.Kg6 Ra6+ 113.Kh5 Kd5 114.Kg5 Ke6 115.Kh4 Ra2 116.Bb6 Rg2 117.Kh5 Kf7
118.Bd4  1/2-1/2

[Event "5th Geller Mem Open A"]
[Site "Odessa UKR"]
[Date "2009.08.27"]
[Round "8"]
[White "Grigoryev,A"]
[Black "Promskij,G"]
[Result "0-1"]
[WhiteElo "1827"]
[BlackElo "2084"]

1.c4 c6 2.Nc3 d5 3.e3 Nf6 4.Nf3 Bg4 5.d4 Nbd7 6.Be2 e6 7.O-O Bd6 8.Ne1 Bf5
9.Bd3 dxc4 10.e4 cxd3 11.exf5 exf5 12.Qxd3 g6 13.d5 Ne5 14.Qd4 c5 15.Qh4 Nfg4
16.Qxd8+ Rxd8 17.h3 Nf6 18.Bg5 Be7 19.f4 Nc4 20.Nd3 h6 21.Bxf6 Bxf6 22.Nxc5 Bd4+
23.Kh2 Bxc5 24.Nb5 Nd6 25.Rfc1 Bb6 26.Nc3 O-O  0-1

[Event "XI Sants Open"]
[Site "Barcelona ESP"]
[Date "2009.08.28"]
[Round "8"]
[White "Narciso Dublan,M"]
[Black "Bergez,L"]
[Result "1-0"]
[WhiteElo "2553"]
[BlackElo "2371"]

1.c4 c6 2.Nf3 d5 3.e3 g6 4.Nc3 Bg7 5.d4 Nf6 6.Be2 O-O 7.O-O a6 8.Bd2 Ne4
9.cxd5 cxd5 10.Nxe4 dxe4 11.Ne5 Be6 12.a4 Nd7 13.Nc4 Qb8 14.Bb4 Bxc4 15.Bxc4 Re8
16.Qb3 e6 17.d5 Qe5 18.Bc3 Qf5 19.dxe6 fxe6 20.Bxg7 Kxg7 21.Qxb7 Qf7 22.Qxe4 Nf6
23.Qe5 Kh6 24.Rad1 Ng4 25.Qg3 Qf5 26.Bd3  1-0

[Event "XXVI Open A"]
[Site "Collado Villalba ESP"]
[Date "2009.08.28"]
[Round "8"]
[White "Sanchez Gonzalez,S"]
[Black "Hernandez Yanez,J"]
[Result "1-0"]
[WhiteElo "2305"]
[BlackElo "1922"]

1.c4 c6 2.e4 d5 3.exd5 cxd5 4.cxd5 Nf6 5.Nc3 Nxd5 6.Nf3 e6 7.Bb5+ Nc6 8.O-O Be7
9.Ne5 Bd7 10.Nxd7 Qxd7 11.d4 Bf6 12.Ne4 O-O 13.Nxf6+ Nxf6 14.Be3 a6 15.Bxc6 Qxc6
16.Rc1 Qd7 17.Rc5 Nd5 18.Qc2 b6 19.Rc4 Rac8 20.Rc1 Rxc4 21.Qxc4 Qb7 22.a3 h6
23.h3 Rd8 24.Bd2 Rd7 25.Qc8+ Qxc8 26.Rxc8+ Kh7 27.b4 Ra7 28.Kf1 b5 29.Rc6 Kg6
30.Ke2 Kf6 31.Kd3 Ke7 32.Rc8 Rc7 33.Rg8 Kf6 34.g4 Kg6 35.Ra8 Rc6 36.h4 f5
37.f3 fxg4 38.fxg4 h5 39.gxh5+ Kxh5 40.Rh8+ Kg4 41.Rg8 Rc7 42.Ra8 Rc6 43.Rh8 g6
44.Rg8 Kh5 45.Ke2 Ne7 46.Rh8+ Kg4 47.Rh6 e5 48.dxe5 Nf5 49.Rh8 Re6 50.Bc3 Nxh4
51.Rf8 Ng2 52.Kd3 Rc6 53.Bd2 Nh4 54.Rf6 Rc4 55.Rxa6 Kf5 56.Bc3 g5 57.Rf6+ Kg4
58.Rb6 Kf3 59.Rxb5 Re4 60.e6 g4 61.Re5 Rxe5 62.Bxe5 Nf5 63.a4 g3 64.a5 g2
65.Bh2 Kg4 66.a6  1-0

[Event "2nd Bolivar Open"]
[Site "Buenos Aires ARG"]
[Date "2009.08.29"]
[Round "5"]
[White "Filgueira,H"]
[Black "Alonso,S"]
[Result "1/2-1/2"]
[WhiteElo "2355"]
[BlackElo "2441"]

1.c4 c6 2.e4 d5 3.exd5 cxd5 4.d4 Nf6 5.Nc3 e6 6.Nf3 Be7 7.cxd5 Nxd5 8.Bc4 Nxc3
9.bxc3 O-O 10.O-O Nd7  1/2-1/2

[Event "XIX EYCC Boys U16"]
[Site "Fermo ITA"]
[Date "2009.09.01"]
[Round "2"]
[White "Grandelius,N"]
[Black "Mammadov,Z"]
[Result "1-0"]
[WhiteElo "2515"]
[BlackElo "2235"]

1.c4 c6 2.Nf3 d5 3.g3 Nf6 4.Bg2 Bg4 5.cxd5 cxd5 6.Ne5 Bf5 7.Qa4+ Nbd7 8.Nc3 e6
9.g4 Bg6 10.h4 Bc2 11.Nxf7 Bxa4 12.Nxd8 Rxd8 13.Nxa4 Nxg4 14.Bh3 Ndf6 15.Rg1 Ne5
16.Bxe6 d4 17.b3 Ng6 18.Rh1 Nf4 19.Bc4 a6 20.e3 Ng6 21.Bf1 b5 22.Nb2 dxe3
23.fxe3 Bd6 24.h5 Nh4 25.a4 O-O 26.axb5 axb5 27.Bxb5 Ne4 28.Nd3 Nf3+ 29.Kd1 Ng3
30.Rh3 Ng5 31.Bc4+ Kh8 32.Rh4 Nf3 33.Rg4 Nxh5 34.Ra7 h6 35.Bb2 Ng5 36.Nf4 Nf6
37.Ng6+ Kh7 38.Nxf8+ Rxf8 39.Rg2 Ne8 40.Ra8 Nc7 41.Rxf8 Bxf8 42.Bc3 Kh8 43.b4 Ne4
44.Be5 Ne8 45.b5  1-0

[Event "XIX EYCC Boys U16"]
[Site "Fermo ITA"]
[Date "2009.09.02"]
[Round "3"]
[White "Arvola,B"]
[Black "Botto,J"]
[Result "1-0"]
[WhiteElo "2144"]
[BlackElo "1906"]

1.c4 c6 2.d4 d5 3.Nc3 Nf6 4.Nf3 e6 5.Bg5 dxc4 6.e4 b5 7.e5 h6 8.Bh4 g5 9.Nxg5 hxg5
10.Bxg5 Nbd7 11.exf6 Bb7 12.g3 Qb6 13.Bg2 O-O-O 14.O-O c5 15.d5 b4 16.Na4 Qa6
17.a3 b3 18.dxe6 Bxg2 19.Re1 Qxa4 20.Kxg2 Qc6+ 21.Kg1 Ne5 22.Qxd8+ Kxd8 23.e7+ Bxe7
24.fxe7+ Kc8 25.Rxe5 f6 26.Rf5 Re8 27.Bxf6 Qd6 28.Re1 Kd7 29.Re3 Kc6 30.h4 Qd7
31.Rfe5 Kb5 32.Re6 Qd5 33.Bc3 Qd1+ 34.Re1 Qf3 35.a4+  1-0

[Event "XIX EYCC Girls U18"]
[Site "Fermo ITA"]
[Date "2009.09.02"]
[Round "3"]
[White "Paikidze,N"]
[Black "Guadamuro Torrente,A"]
[Result "1-0"]
[WhiteElo "2298"]
[BlackElo "2136"]

1.c4 c6 2.e4 e6 3.d4 d5 4.Nc3 dxe4 5.Nxe4 Nf6 6.Nxf6+ Qxf6 7.Nf3 Bb4+ 8.Bd2 Bxd2+
9.Qxd2 Nd7 10.O-O-O O-O 11.Bd3 Rd8 12.h4 b6 13.Rh3 Qh6 14.Qxh6 gxh6 15.Ne5 Nxe5
16.dxe5 Ba6 17.b3 b5 18.Be2 bxc4 19.bxc4 Rxd1+ 20.Kxd1 Rd8+ 21.Kc2 Bc8 22.Rd3 Rxd3
23.Bxd3 c5 24.Be4 Bd7 25.Kb3 Kg7 26.Ka3 h5 27.g3 h6 28.Bc2 Bc6 29.Ba4 Bf3
30.Bc2 Bc6 31.Kb3 f5 32.Ka3 Kf7 33.Bd1 Ke7 34.Bxh5 Kd7 35.Kb3 Ke7 36.Kc3 Kd7
37.Kd2 Be4 38.Bd1 Bc6 39.Ke3 Kc7 40.Bc2 Kb6 41.f3 Ka5 42.a3 h5 43.g4 fxg4
44.fxg4 Be8 45.g5 Bf7 46.g6 Bg8 47.Ke4  1-0

[Event "4th Kolkata Open"]
[Site "Kolkata IND"]
[Date "2009.09.02"]
[Round "2"]
[White "Malakhatko,V"]
[Black "Palit,S"]
[Result "1-0"]
[WhiteElo "2569"]
[BlackElo "2388"]

1.c4 c6 2.d4 d5 3.Nc3 Nf6 4.e3 a6 5.Qc2 b5 6.b3 Bg4 7.Nge2 Nbd7 8.h3 Bxe2
9.Bxe2 e6 10.Bb2 Be7 11.O-O O-O 12.a3 bxc4 13.bxc4 dxc4 14.Na4 c5 15.dxc5 Nxc5
16.Nxc5 Bxc5 17.Qxc4 Qe7 18.Bf3 Ra7 19.Rfc1 Bd6 20.Qa4 Rb8 21.Bd4 Rc7 22.Rxc7 Qxc7
23.Qxa6 e5 24.Ba7 Rb3 25.a4 h6 26.Qc6 Qxa7 27.Qxd6 Qa5 28.Qc6 Kh7 29.Qc2+  1-0

[Event "TCh-SRB 1st League"]
[Site "Kragujevac SRB"]
[Date "2009.09.04"]
[Round "4"]
[White "Paunovic,D"]
[Black "Vuckovic,Bo"]
[Result "1/2-1/2"]
[WhiteElo "2556"]
[BlackElo "2600"]

1.c4 c6 2.e4 d5 3.exd5 cxd5 4.cxd5 Nf6 5.Nc3 Nxd5 6.Nf3 Nc6 7.d4 Bg4 8.Bb5 Rc8
9.h3 Bxf3 10.Qxf3 e6 11.O-O Be7 12.Re1 O-O 13.Nxd5 exd5 14.Bxc6 Rxc6 15.Re5 Rd6
16.Bd2 Rd7 17.Qg4 Bf6 18.Re2 Re8 19.Rxe8+ Qxe8 20.Re1 Qd8 21.Bg5 Bxg5 22.Qxg5 f6
23.Qf5 g6 24.Qe6+ Kg7 25.h4 Rf7 26.g3  1/2-1/2

[Event "6th LGA Premium Cup"]
[Site "Nuernberg GER"]
[Date "2009.09.04"]
[Round "3"]
[White "Walter,Man"]
[Black "Mihok,L"]
[Result "0-1"]
[WhiteElo "1838"]
[BlackElo "2186"]

1.c4 c6 2.Nf3 d5 3.b3 Nf6 4.g3 Bf5 5.Bg2 Qc8 6.d3 Bh3 7.O-O Bxg2 8.Kxg2 e6
9.Bb2 Nbd7 10.a3 Be7 11.Nbd2 O-O 12.Ra2 b5 13.Qa1 Qb7 14.Rc1 Rfc8 15.Kg1 Ne8
16.Ne5 f6 17.Nxd7 Qxd7 18.Bc3 e5 19.Rac2 bxc4 20.bxc4 d4 21.Bb4 c5 22.Ba5 Qa4  0-1

[Event "6th LGA Premium Cup"]
[Site "Nuernberg GER"]
[Date "2009.09.04"]
[Round "3"]
[White "Loew,Gera"]
[Black "Wagner,De"]
[Result "1-0"]
[WhiteElo "2287"]
[BlackElo "2061"]

1.c4 c6 2.g3 d5 3.Bg2 Nf6 4.Nf3 Bg4 5.Ne5 Bf5 6.cxd5 cxd5 7.Qa4+ Nbd7 8.Nc3 e6
9.g4 Bc2 10.Nxf7 Bxa4 11.Nxd8 Rxd8 12.Nxa4 Nxg4 13.Bh3 Nge5 14.Bxe6 d4 15.b3 b5
16.Nb2 Nc5 17.Bh3 Be7 18.b4 Ne4 19.Bg2 Nd6 20.O-O O-O 21.f4 Ng6 22.Nd3 Nc4
23.a4 a6 24.axb5 axb5 25.Bc6 Nd6 26.Ra5 Rb8 27.Ra7 Nf5 28.Bb2 Bf6 29.Nc5 d3
30.Nxd3 Bxb2 31.Nxb2 Nd4 32.Bd5+ Kh8 33.e3 Nc2 34.Nd3 Rbd8 35.e4 Nd4 36.f5 Nh4
37.Ne5  1-0

[Event "6th LGA Premium Cup"]
[Site "Nuernberg GER"]
[Date "2009.09.05"]
[Round "4"]
[White "Ortpaul,M"]
[Black "Krauss,Jo"]
[Result "1-0"]
[WhiteElo "1946"]
[BlackElo "2110"]

1.c4 c6 2.Nf3 d5 3.e3 Nf6 4.Nc3 e6 5.b3 Bd6 6.Bb2 O-O 7.Qc2 Nbd7 8.d4 Re8
9.Bd3 e5 10.dxe5 Nxe5 11.Nxe5 Bxe5 12.cxd5 cxd5 13.O-O-O Be6 14.Qd2 Qe7 15.Kb1 a5
16.Na4 Bxb2 17.Qxb2 Ne4 18.Bxe4 dxe4 19.Qe5 Qh4 20.Qg3 Qf6 21.Rd4 b5 22.Nc5 b4
23.Rhd1 Rac8 24.Nxe6 Rxe6 25.Qc7 Rce8 26.R1d2 Qg5 27.g3 h6 28.h4 Qf5 29.Rd7 Qf6
30.Qxa5 Qc3 31.Rd8 g6 32.Qd5 Qc7 33.Rxe8+ Rxe8 34.Rc2 Qe7 35.Rc4 Rd8 36.Rxe4 Qc7
37.Qc4 Qa7 38.Rd4 Ra8 39.Qc2 Qb7 40.Qd2 Qe7 41.Qxb4 Qf6 42.Rf4 Qa6 43.Qd2 Qc6
44.Rc4 Qf6 45.Qc2 Qe6 46.Qe4 Qa6 47.a4 Rd8 48.Qc2 Qb7 49.e4 Qd7 50.b4 Qg4
51.Kc1 Qh3 52.Kb2 Kh7 53.Rc7 Qe6 54.Qc4 Qf6+ 55.Kb1 Rf8 56.f4 Kg8 57.b5 Qb6
58.Qc5 Qa5 59.Rc8 Qe1+ 60.Kb2 Qd2+ 61.Kb3 Qd3+ 62.Qc3 Qd1+ 63.Qc2 Qf3+ 64.Kb4 Qxg3
65.Rxf8+ Kxf8 66.Qc8+ Ke7 67.Qc7+ Ke8 68.b6 Qe1+ 69.Kb5 Qe2+ 70.Qc4  1-0

[Event "6th LGA Premium Cup"]
[Site "Nuernberg GER"]
[Date "2009.09.05"]
[Round "5"]
[White "Loew,Gera"]
[Black "Maurer,C"]
[Result "1-0"]
[WhiteElo "2287"]
[BlackElo "2015"]

1.c4 c6 2.g3 d5 3.Bg2 Nf6 4.Nf3 e6 5.b3 Be7 6.Bb2 O-O 7.O-O Nbd7 8.d4 b6
9.Nbd2 Bb7 10.Qc2 Rc8 11.e4 dxe4 12.Nxe4 Qc7 13.Rad1 c5 14.Ne5 Bxe4 15.Bxe4 Nxe5
16.dxe5 Nxe4 17.Qxe4 Rfd8 18.Kg2 Rxd1 19.Rxd1 Rd8 20.Rxd8+ Bxd8 21.Qa8 h6
22.h4 h5 23.Bc1 Kh7 24.Bf4 Qd7 25.Be3 Be7 26.Qf3 Kg8 27.Qxh5 Qc6+ 28.Qf3 Qxf3+
29.Kxf3 Bd8 30.h5 Be7 31.Kg4 Bd8 32.Bg5 Bc7 33.f4 Kf8 34.h6 gxh6 35.Bxh6+ Kg8
36.Kh5 a6 37.a4 Bd8 38.Bg5 Bc7 39.Kh6 Kf8 40.Kh7 Ke8 41.Kg7 Bb8 42.Bf6 Bc7
43.g4 Bb8 44.f5 exf5 45.gxf5 Bc7 46.e6 fxe6 47.fxe6 Bd6  1-0

[Event "ch-POR"]
[Site "Amadora POR"]
[Date "2009.09.09"]
[Round "5"]
[White "Andrade,Jo"]
[Black "Diogo,V"]
[Result "1/2-1/2"]
[WhiteElo "2259"]
[BlackElo "2308"]

1.c4 c6 2.Nf3 d5 3.d4 Nf6 4.Qc2 g6 5.g3 Bg7 6.Bg2 O-O 7.O-O Bf5 8.Qb3 Qb6
9.Nbd2 Nbd7 10.Qxb6 Nxb6 11.b3 Ne4 12.cxd5  1/2-1/2

[Event "XIX EYCC Boys U16"]
[Site "Fermo ITA"]
[Date "2009.09.09"]
[Round "9"]
[White "Khachykian,D"]
[Black "Petenyi,T"]
[Result "1/2-1/2"]
[WhiteElo "2139"]
[BlackElo "2308"]

1.c4 c6 2.Nf3 d5 3.b3 Nf6 4.Bb2 Bf5 5.g3 Nbd7 6.Bg2 e6 7.O-O Bd6 8.d3 O-O
9.Nbd2 e5 10.cxd5 cxd5 11.e4 Bg6 12.Qe2 Re8 13.Nh4 dxe4 14.Nxe4 Nxe4 15.dxe4 Qb6
16.Rfd1 Rad8 17.Nxg6 hxg6 18.Rd3 Nc5 19.Rd5 Bc7 20.Rad1 Rxd5 21.Rxd5 Ne6
22.Bxe5 Bxe5 23.Rxe5 Rc8 24.Bh3 Nd4 25.Qg4 f5 26.exf5 Rc1+ 27.Bf1 gxf5 28.Qf4 Rd1
29.Kg2 Qc6+ 30.f3 Qc2+ 31.Kh3 Rd2 32.Bc4+ Kh7 33.g4 Rxh2+ 34.Qxh2 fxg4+ 35.fxg4 Qxh2+
36.Kxh2 Nf3+ 37.Kg3 Nxe5 38.Bd5 b6 39.Kf4 Nd3+ 40.Ke3 Ne5 41.Be4+ Kh6 42.Kf4 Ng6+
43.Kf5 Nh4+ 44.Ke5 Kg5 45.Bf5 Ng2 46.Kd6 Ne3 47.Bc8 Nxg4 48.a4 Nf6 49.Kc6 Ne4
50.b4 Kf6 51.a5 bxa5 52.bxa5 Ke7 53.Bf5 Nd6 54.Bg6 Nc4 55.Kb5 Nxa5 56.Kxa5 Kf6
57.Be4 g5 58.Bf3 Ke5 59.Ka6  1/2-1/2

[Event "4th Kolkata Open"]
[Site "Kolkata IND"]
[Date "2009.09.09"]
[Round "9"]
[White "Laznicka,V"]
[Black "Postny,E"]
[Result "1-0"]
[WhiteElo "2634"]
[BlackElo "2651"]

1.c4 c6 2.d4 d5 3.Nc3 Nf6 4.e3 a6 5.Qc2 g6 6.Bd3 Bg7 7.Nf3 O-O 8.O-O Bg4
9.Ne5 Be6 10.c5 Nbd7 11.Nxd7 Qxd7 12.Bd2 Bf5 13.Bxf5 gxf5 14.Ne2 Kh8 15.Nf4 Rg8
16.f3 Bh6 17.Nd3 Rg7 18.Rae1 Rag8 19.Re2 Qe6 20.Rff2 f4 21.Ne5 fxe3 22.Bxe3 Bxe3
23.Rxe3 Qh3 24.Qd2 Qf5 25.g4 h5 26.h3 Nh7 27.Kf1 Qf4 28.Rb3 Qxd2 29.Rxd2 f6
30.Nd3 Ng5 31.Nf4 hxg4 32.hxg4 e5 33.Nh5 Rf7 34.Rh2 Nh7 35.Ng3 exd4 36.Nf5 Rd7
37.Nxd4 Re8 38.Nf5 Kg8 39.Nd6 Ree7 40.f4 Nf8 41.f5 Nh7 42.Re2 Ng5 43.Rxe7 Rxe7
44.Rxb7 Rxb7 45.Nxb7 Nf3 46.Kf2 Ne5 47.Kg3 Kf8 48.Nd8 Ke7 49.Ne6 Kd7 50.b4 Nd3
51.a3 Ne5 52.Nd4 Nc4 53.a4 Ne5 54.Kh4 Nd3 55.g5 fxg5+ 56.Kxg5 Nxb4 57.f6 Nd3
58.Kg6 Nxc5 59.f7 Ke7 60.Kg7 Nd7 61.Nxc6+ Kd6 62.Nb8  1-0

[Event "4th Xtracon Skovbo"]
[Site "Borup DEN"]
[Date "2009.09.10"]
[Round "5"]
[White "Skytte,R"]
[Black "Rausis,I"]
[Result "1/2-1/2"]
[WhiteElo "2399"]
[BlackElo "2525"]

1.c4 c6 2.Nf3 d5 3.e3 Nf6 4.Nc3 a6 5.d4 Bf5 6.Bd3 Bxd3 7.Qxd3 e6 8.O-O Bb4
9.a3 Bxc3 10.bxc3 O-O 11.a4 dxc4 12.Qxc4  1/2-1/2

[Event "4th Xtracon Skovbo"]
[Site "Borup DEN"]
[Date "2009.09.11"]
[Round "6"]
[White "Semcesen,D"]
[Black "Meyer,L"]
[Result "1-0"]
[WhiteElo "2465"]
[BlackElo "2268"]

1.c4 c6 2.Nf3 d5 3.Qc2 g6 4.d4 Na6 5.Bf4 Nf6 6.Nbd2 Nh5 7.Be5 f6 8.Bg3 Bf5
9.Qb3 Qb6 10.Rc1 Qxb3 11.Nxb3 dxc4 12.Rxc4 Be6 13.Rc3 Nb4 14.a3 Na2 15.Re3 Bd5
16.Nfd2 a5 17.Bc7 a4 18.Nc5 e5 19.Nde4 Bh6 20.Nxf6+ Nxf6 21.Rxe5+ Kf8 22.Bd6+ Kg8
23.e4 Bf7 24.Re7 b5 25.Be5 Bg7 26.f3 Ne8 27.Nd7 Rd8 28.Kd2 h5 29.Bd3 Rh7
30.Ke3 Bb3 31.Bxg7 Rxg7 32.Rxg7+ Kxg7 33.Nc5 Bf7 34.Ra1 Nc7 35.Nb7 Rd7 36.Na5 b4
37.Nxc6 bxa3 38.bxa3 Nc3 39.d5 N3xd5+ 40.exd5 Nxd5+ 41.Kf2 Nf4 42.Bf1 g5
43.Ne5 Rb7 44.Nxf7 Kxf7 45.Re1 Rb2+ 46.Kg1 Kf6 47.Re4 h4 48.Rxa4 h3 49.gxh3 Ne2+
50.Bxe2 Rxe2 51.Re4 Ra2 52.a4 Kg6 53.h4 Kh5 54.hxg5 Kxg5 55.h4+ Kh5 56.Rf4  1-0

[Event "7th ch-Mediterranean"]
[Site "Rijeka CRO"]
[Date "2009.09.12"]
[Round "2"]
[White "Cvitan,O"]
[Black "Golubovic,B"]
[Result "1/2-1/2"]
[WhiteElo "2516"]
[BlackElo "2381"]

1.c4 c6 2.d4 d5 3.Nf3 Nf6 4.e3 Bf5 5.Nc3 e6 6.Bd3 Bxd3 7.Qxd3 Nbd7 8.O-O Be7
9.e4 dxe4 10.Nxe4 Nxe4 11.Qxe4 O-O 12.Bf4 Nf6 13.Qe2 Qa5 14.Rfd1 Rad8 15.b3 Qf5
16.Be5 c5 17.Rd3  1/2-1/2

[Event "7th ch-Mediterranean"]
[Site "Rijeka CRO"]
[Date "2009.09.12"]
[Round "3"]
[White "Vrhovnik,D"]
[Black "Kukuljan,V"]
[Result "1-0"]
[WhiteElo "2045"]
[BlackElo "1903"]

1.c4 c6 2.g3 d5 3.Bg2 Nf6 4.Nf3 Bg4 5.Qb3 Qb6 6.Qxb6 axb6 7.cxd5 Nxd5 8.O-O Nd7
9.Nc3 e6 10.h3 Bh5 11.g4 Bg6 12.Nh4 Bc5 13.Nxg6 hxg6 14.e3 N7f6 15.d4 Bb4
16.Bd2 Nxc3 17.bxc3 Be7 18.Rfb1 Bd8 19.c4 Bc7 20.g5 Nd7 21.a4 O-O 22.a5 Rfb8
23.axb6 Rxa1 24.Rxa1 Nxb6 25.c5 Nd5 26.Ra7 Bd8 27.e4 Nc7 28.Bf4 Ra8 29.Rxb7 Rc8
30.Kf1 Kf8 31.Ke2 f6 32.h4 Kg8 33.Kd3 f5 34.exf5 gxf5 35.Bxc6 Nd5 36.Bxd5 exd5
37.Be5 Ra8 38.Rxg7+ Kf8 39.h5 Ra3+ 40.Ke2 Rh3 41.h6 Rh4 42.h7  1-0

[Event "ch-NED w"]
[Site "Haaksbergen NED"]
[Date "2009.09.17"]
[Round "7"]
[White "Bensdorp,M"]
[Black "Peng Zhaoqin"]
[Result "1/2-1/2"]
[WhiteElo "2325"]
[BlackElo "2407"]

1.c4 c6 2.e4 d5 3.exd5 cxd5 4.cxd5 Qxd5 5.Nc3 Qd8 6.d4 Nf6 7.Bc4 e6 8.Nf3 Nbd7
9.O-O Nb6 10.Bd3 Be7 11.Bg5 h6 12.Bh4 O-O 13.Re1 Bd7 14.Ne5 Rc8 15.Rc1 Nfd5
16.Bxe7 Qxe7 17.Qf3 Nxc3 18.bxc3 Bc6 19.Nxc6 bxc6 20.Qe4 g6 21.Re3 Nd5 22.Rg3 Qf6
23.Rf3 Qg5 24.Rc2 Nf6 25.Qe1 Kg7 26.Re2 Qd5 27.Qc1 Nd7 28.c4 Qa5 29.Rg3 Rce8
30.Qc2 Qh5 31.Qa4 Rb8 32.Re1 Rfd8 33.Qxc6 Qa5 34.Rxe6 Rb6 35.Rgxg6+ fxg6
36.Rxg6+ Kf7 37.Qf3+ Rf6 38.Qe4 Qh5 39.Rg4 Nf8 40.c5 Ng6 41.h3 Re8 42.Qb7+ Re7
43.Bc4+ Kf8 44.Qb8+ Re8 45.Qxa7 Qf5 46.Qh7 Qxf2+ 47.Kh2 Re1 48.Qg8+ Ke7 49.Qg7+ Kd8
50.Qg8+ Kc7 51.Rxg6 Qg1+ 52.Kg3 Qf2+ 53.Kh2 Qg1+ 54.Kg3 Qf2+ 55.Kh2  1/2-1/2

[Event "ch-NED"]
[Site "Haaksbergen NED"]
[Date "2009.09.20"]
[Round "9"]
[White "Reinderman,D"]
[Black "Giri,A"]
[Result "1/2-1/2"]
[WhiteElo "2572"]
[BlackElo "2552"]

1.c4 c6 2.e4 d5 3.cxd5 cxd5 4.exd5 Nf6 5.Qa4+ Nbd7 6.Nc3 g6 7.Nf3 Bg7 8.Bc4 O-O
9.d3 a6 10.Qa3 b6 11.O-O Bb7 12.Re1 Re8 13.Ng5 Rc8 14.Be3 Ne5  1/2-1/2

[Event "Inventi GM"]
[Site "Antwerp BEL"]
[Date "2009.09.22"]
[Round "5"]
[White "Bacrot,E"]
[Black "Michiels,B"]
[Result "1/2-1/2"]
[WhiteElo "2709"]
[BlackElo "2462"]

1.c4 c6 2.e4 d5 3.exd5 cxd5 4.d4 Nf6 5.Nc3 Nc6 6.Bg5 Be6 7.a3 Qd7 8.Bxf6 exf6
9.c5 g5 10.Bb5 Bg7 11.Nge2 O-O 12.h4 Rae8 13.Qd2 h6 14.O-O-O Bf5 15.Bd3 b6
16.cxb6 axb6 17.Qc2 Ne7 18.Kb1 Bg6 19.Nc1 Nf5 20.h5 Nxd4 21.Qa4 Bxd3+ 22.Rxd3 Qxa4
23.Nxa4 Ne2 24.Nxb6 Nf4 25.Rd2 Re6 26.g3 Rxb6 27.gxf4 f5 28.Nd3 Rb3 29.fxg5 hxg5
30.h6 Bc3 31.Kc2 Bxd2 32.Kxb3 Re8 33.h7+ Kh8 34.Kc2 Ba5 35.b4 Bb6 36.Kd2 Ra8
37.Ne5 Ra7 38.Rh2 Re7 39.Nd3 Ra7 40.Ne5 Re7 41.Nd3 Ra7 42.Ne5  1/2-1/2

[Event "18th TCh-CRO"]
[Site "Sibenik CRO"]
[Date "2009.09.23"]
[Round "3"]
[White "Sulava,N"]
[Black "Petrov,J"]
[Result "1-0"]
[WhiteElo "2540"]
[BlackElo "2436"]

1.c4 c6 2.e4 d5 3.exd5 cxd5 4.cxd5 Nf6 5.Nc3 Nxd5 6.Nf3 Nc6 7.Bc4 Nxc3 8.bxc3 e6
9.d4 Be7 10.O-O O-O 11.Re1 b6 12.Bd3 Bb7 13.h4 Bf6 14.Ng5 g6 15.Qg4 Ne7 16.h5 Nf5
17.hxg6 hxg6 18.Nxe6 fxe6 19.Qxg6+ Bg7 20.Rxe6 Qh4 21.Bxf5 Rxf5 22.Qxf5 Rf8
23.Bg5 Qh5 24.Qg6  1-0

[Event "TCh-ISL 2009-10"]
[Site "Rekjavik ISL"]
[Date "2009.09.25"]
[Round "1"]
[White "Gudmundsson,El"]
[Black "Ragnarsson,J"]
[Result "1-0"]
[WhiteElo "2314"]
[BlackElo "2118"]

1.c4 c6 2.Nf3 d5 3.b3 Bg4 4.e3 Nd7 5.Bb2 e6 6.Be2 Ngf6 7.O-O Bd6 8.Nc3 O-O
9.cxd5 exd5 10.Nd4 Ne5 11.f3 c5 12.Ndb5 Bf5 13.Nxd6 Qxd6 14.d4 cxd4 15.Nb5 Qd8
16.Qxd4 Nc6 17.Qf4 Bg6 18.Rad1 Nh5 19.Qd6 Re8 20.Qxd8 Raxd8 21.Kf2 Rd7 22.Nd4 Rde7
23.Nxc6 bxc6 24.Bd4 Nf4 25.Bc5 Re6 26.Ba6 Nh5 27.Rfe1 Nf6 28.Rc1 Nd7 29.Ba3 Ne5
30.Red1 Nd7 31.Rc3 c5 32.Bb5 d4 33.exd4 cxd4 34.Rxd4 Nf6 35.Bxe8 Nxe8 36.Rc8 f6
37.Rdd8 h5 38.Bc5  1-0

[Event "Bolungarvik Open"]
[Site "Reykjavik ISL"]
[Date "2009.09.25"]
[Round "9"]
[White "Skousen,N"]
[Black "Arngrimsson,D"]
[Result "1-0"]
[WhiteElo "2286"]
[BlackElo "2396"]

1.c4 c6 2.e4 d5 3.exd5 cxd5 4.d4 Nf6 5.Nc3 g6 6.Nf3 Bg7 7.cxd5 O-O 8.Bc4 a6
9.a4 b6 10.O-O Bb7 11.Bg5 h6 12.Bxf6 exf6 13.Re1 Nd7 14.Rc1 f5 15.Ne5 Qc7
16.Nc6 Bxc6 17.dxc6 Nf6 18.d5 Ng4 19.d6 Qd8 20.g3 b5 21.Be2 b4 22.Nd5 Re8
23.Nc7  1-0

[Event "18th TCh-CRO"]
[Site "Sibenik CRO"]
[Date "2009.09.25"]
[Round "5"]
[White "Abasov,N"]
[Black "Khenkin,I"]
[Result "1/2-1/2"]
[WhiteElo "2525"]
[BlackElo "2613"]

1.c4 c6 2.e4 d5 3.exd5 Nf6 4.Nc3 cxd5 5.cxd5 Nxd5 6.Bc4 Nb6 7.Bb3 Nc6 8.Nf3 Bf5
9.d4 e6 10.O-O Be7 11.d5 Nxd5 12.Nxd5 exd5 13.Qxd5 Qxd5 14.Bxd5 O-O 15.Bg5 Bxg5
16.Nxg5 h6 17.Nf3 Rfd8 18.Rfd1  1/2-1/2